Géographie codée #3 - Statistiques

Statistiques générales
  • Ce quiz a été pris 127 fois
  • Le résultat moyen est 14 sur 20
Statistiques - réponses
Hint Réponse % Correct
↓ ♥ ◙ ☺ ♪ Népal
100%
◙ ☺ ♪ ♥ ♦ ♀ ♥ Palerme
90%
↨ ☺ ♦ ↓ Tarn
83%
♦ ☺ ☻ ☺ ↨ Rabat
79%
♦ ◄ ♣ ↓ Rhin
78%
♣ ☻ ♣ ∟ ☺ Ibiza
75%
♣ ► ↨ ☺ ↓ ☻ ♫ ♪ Istanbul
75%
☻ ☺ ◄ ☺ ♀ ☺ ► Bahamas
74%
← ☺ ♪ ♪ ☺ ► Dallas
71%
♂ ♦ ♥ → ♥ Grèce
71%
☺ ↓ ♠ ♥ ♦ ► Anvers
70%
☺ ↨ ♪ ☺ ↓ ↨ ♣ ▬ ♫ ♥ Atlantique
69%
↨ ↑ ♀ ☻↑ ♫ → ↨ ↑ ♫ Tombouctou
68%
↕ ☺ ♀ ☺ ♣ ▬ ♫ ♥ Jamaïque
67%
♀ ♥ ♦ ← ♫ ↓ ↑ ♦ ← Mer du Nord
67%
◙ ☺ ♦ ☺ ♂ ♫ ☺ § Paraguay
65%
♠ ♪ ☺ ← ♣ ♠ ↑ ► ↨ ↑ ‼ Vladivostok
64%
‼ ♦ ☺ ‼ ☺ ↨ ↑ ☺ Krakatoa
60%
↓ ♥ ☼ § ↑ ♦ ‼ New York
59%
• ♣ ☺ ♀ ♥ ↓ Xiamen
56%
Aucun quiz correspondant
Distribution des résultats
% des personnes avec chaque résultat
Percentile par nombre de réponses
Votre historique - résultats
Vous n’avez pas pris ce quiz